| 000 | 00414cam a2200169ua 4500 | ||
|---|---|---|---|
| 020 | _c1.00 | ||
| 041 |
_amal _h |
||
| 082 |
_a894.812308 _bTHO/BH |
||
| 100 | _aThomasthalitra, . | ||
| 245 |
_aBhoumakumari / _cThomas thalitra. _hTextual Documents |
||
| 260 |
_aKottayam : _bNew India Publishing house , _c1963. |
||
| 300 | _a126 ; . | ||
| 365 | _a1.00 | ||
| 504 | _a | ||
| 942 | _cBK | ||
| 999 |
_c957 _d957 |
||